1844 1604 1178 1457 1396 1022 1407 1097 1160 1823 1914 1853 1709 1605 1237 1056 1076 1907 1012 1178 1866 1852 1214 1451 1047 1928 1767 1848 1346 1762 1226 1665 1478 1557 1935 1900 1937 1073 1701 1525 1799 1709 1233 1041 1008 1162 1621 1538 1398 1589 1831 1133 1240 1918 1731 1689 1896 1096 1954 1707 1942 1197 1696 1661 1831 1426 1739 1429 1766 1920 1790 1026 1006 1814 1261 1922 1390 1764 1854 1180 1675 1346 1165 1392 1122 1428 1922 1599 1578 1887 1934 1041 1927 1409 1229 1465 1195 1317 1587 BCNSPRNW ULIB Ver.6.0+V

เปลี่ยนเป็นภาษาไทย

Change to English
 แสดงรายละเอียดบรรณานุกรม
  กลับหน้าหลัก

Brief Record : Get Marc (ISO 2709) : E-mail record : QR code < ปิดหน้าต่าง
LEADER : 00000nam 2200000uu 4500
001    13399122134
003     ULIB
008    130103s2555||||th 000 0 tha d
020    ^a9786169017363
060  4 ^aWY157.3^bK181ก
100    ^aKarla L. Luxner,RNC,ND.^eเขียน
110    ^aกระทรวงสาธารณสุข.^bสถาบันพระบรมราชชนก.^bวิทยาลัยพยาบาลบรมราชชนนี กรุงเทพ.
245    ^aการวางแผนการพยาบาลมารดาและทารก =^bDelmar s Maternal-Infant : Nursing Care Plans./^cKarla L. Luxner,RNC,ND
246 31 ^aDelmar s Maternal-Infant : Nursing Care Plans.
250    ^aพิมพ์ครั้งที่ 1
260    ^aกรุงเทพฯ :^bวิทยาลัยพยาบาลบรมราชชนนี กรุงเทพ.,^c2555
300    ^a347 หน้า
650    ^aการวางแผนการพยาบาล^xมารดาและทารก
650    ^aการพยาบาล^xมารดาและทารก
700    ^aคณาจารย์วิทยาลัยพยาบาลบรมราชชนนี กรุงเทพ.^eแปล
856    ^a^zBinder1.pdf (Content)^uhttp://113.53.232.221:80/UlibM//_fulltext/5/13399121311/20121115101755_1753.pdf
945    ^p395^l0^i19563
945    ^p395^l0^i19564
945    ^p395^l0^i19565
945    ^p395^l0^i19566
945    ^p395^l0^i19567
945    ^p395^l0^i20187
999    ^aกัณชพร
รายการนี้ยังไม่มีแท็ก
คุณยังไม่ได้ล็อกอิน คุณสามารถมีกิจกรรมร่วมกับเว็บไซต์ได้ แต่ต้องล็อกอินก่อน ::
  ล็อกอิน

รายการสื่อสารสนเทศ

ลำดับที่ ประเภท เลขเรียก/บาร์โค้ด สถานที่ สถานะ
1. Book การพยาบาล
Book การพยาบาล
WY157.3 K181ก ฉ.1 
  Barcode: 19563
ห้องสมุดวิทยาเขตนครสวรรค์
►หนังสือทั่วไป:l:General Books
บนชั้น
2. Book การพยาบาล
Book การพยาบาล
สถานะ=หนังสือเก่า
WY157.3 K181ก ฉ.2 
  Barcode: 19564
ห้องสมุดวิทยาเขตนครสวรรค์
►ส่วนจัดเก็บหนังสือเก่า นว.
บนชั้น
  ขอยืม
3. Book การพยาบาล
Book การพยาบาล
สถานะ=หนังสือเก่า
WY157.3 K181ก ฉ.3 
  Barcode: 19565
ห้องสมุดวิทยาเขตนครสวรรค์
►ส่วนจัดเก็บหนังสือเก่า นว.
บนชั้น
  ขอยืม
4. Book การพยาบาล
Book การพยาบาล
สถานะ=หนังสือเก่า
WY157.3 K181ก ฉ.4 
  Barcode: 19566
ห้องสมุดวิทยาเขตนครสวรรค์
►ส่วนจัดเก็บหนังสือเก่า นว.
บนชั้น
  ขอยืม
5. Book การพยาบาล
Book การพยาบาล
สถานะ=หนังสือเก่า
WY157.3 K181ก ฉ.5 
  Barcode: 19567
ห้องสมุดวิทยาเขตนครสวรรค์
►ส่วนจัดเก็บหนังสือเก่า นว.
บนชั้น
  ขอยืม
6. Book การพยาบาล
Book การพยาบาล
สถานะ=หนังสือเก่า
WY157.3 K181ก ฉ.6 
  Barcode: 20187
ห้องสมุดวิทยาเขตนครสวรรค์
►ส่วนจัดเก็บหนังสือเก่า นว.
บนชั้น
  ขอยืม

BibComment


ยังไม่เคยถูกคอมเมนท์

คอมเมนท์ทรัพยากรรายการนี้
  คอมเมนท์: การวางแผนการพยาบ..


 Copyright 2026. Bcnsprnw @Library